[Event "16th Sants Open 2014"]
[Site "Barcelona ESP"]
[Date "2014.08.24"]
[Round "3.32"]
[White "Perpinya Rofes, Lluis Maria"]
[Black "Egorov, Konstantin"]
[Result "1-0"]
[WhiteTitle "IM"]
[WhiteElo "2391"]
[BlackElo "2049"]
[WhiteFideId "2208598"]
[BlackFideId "24154369"]
[EventDate "2014.08.22"]

1. e4 c5 2. Nc3 e6 3. Nge2 a6 4. g3 b6 5. Bg2 Bb7 6. d4 cxd4 7. Nxd4 d6 8. O-O
Nd7 9. Re1 Qb8 10. Nd5 exd5 11. exd5+ Ne7 12. Nc6 Qc7 13. Bg5 Nf6 14. Qd4 Bxc6
15. dxc6 O-O-O 16. Re3 Kb8 17. Rb3 Ka7 18. Be3 Rb8 19. Qc4 a5 20. Qb5 Ka8 21.
Qa6+ Qa7 22. c7+ Nfd5 23. cxb8=Q+ Kxb8 24. Qb5 Nxe3 25. fxe3 1-0

[Event "16th Sants Open 2014"]
[Site "Barcelona ESP"]
[Date "2014.08.24"]
[Round "3.33"]
[White "Bogner, Sebastian"]
[Black "Barbu Ion, Cosmin"]
[Result "1-0"]
[WhiteTitle "GM"]
[WhiteElo "2603"]
[BlackElo "1844"]
[WhiteFideId "4692055"]
[BlackFideId "22281037"]
[EventDate "2014.08.22"]

1. Nf3 e6 2. c4 f5 3. d4 Nf6 4. g3 b6 5. Bg2 Bb7 6. O-O Be7 7. Nc3 O-O 8. d5 Na6
9. Nd4 Nc5 10. Qc2 Qc8 11. Bd2 a5 12. Rad1 a4 13. Bf4 Nh5 14. Bc1 Nf6 15. Rfe1
Kh8 16. Bf3 Ra5 17. Bf4 Bd8 18. dxe6 Nxe6 19. Nxe6 dxe6 20. Nxa4 Bxf3 21. exf3
Qa8 22. Nc3 Qxf3 23. Rxe6 Nh5 24. Be5 f4 25. Rh6 1-0

[Event "16th Sants Open 2014"]
[Site "Barcelona ESP"]
[Date "2014.08.24"]
[Round "3.34"]
[White "Bendayan Claros, Aaron"]
[Black "Vocaturo, Daniele"]
[Result "0-1"]
[BlackTitle "GM"]
[WhiteElo "2216"]
[BlackElo "2587"]
[WhiteFideId "3803392"]
[BlackFideId "813192"]
[EventDate "2014.08.22"]

1. d4 Nf6 2. c4 g6 3. Nc3 Bg7 4. e4 d6 5. f3 O-O 6. Be3 Nc6 7. Qd2 a6 8. Nge2
Na5 9. Nc1 Nd7 10. Nb3 c5 11. Be2 Nxb3 12. axb3 cxd4 13. Bxd4 Bxd4 14. Qxd4 Nc5
15. Ra3 e5 16. Qd2 Ne6 17. O-O Rb8 18. Rd1 b5 19. Ra2 Nd4 20. Bf1 Qb6 21. Kh1
Be6 22. Ne2 Nxb3 23. Qxd6 Bxc4 24. Rxa6 Qf2 25. Ng3 Rbd8 26. Qxd8 Rxd8 27. Rxd8+
Kg7 28. Rd1 h5 29. Bxc4 bxc4 30. Rc6 h4 0-1

[Event "16th Sants Open 2014"]
[Site "Barcelona ESP"]
[Date "2014.08.24"]
[Round "3.35"]
[White "Peralta, Fernando"]
[Black "Anguera Maestro, Jaime"]
[Result "1-0"]
[WhiteTitle "GM"]
[WhiteElo "2574"]
[BlackElo "2179"]
[WhiteFideId "105309"]
[BlackFideId "2201577"]
[EventDate "2014.08.22"]

1. d4 d5 2. c4 c6 3. Nf3 Nf6 4. Nc3 e6 5. e3 Nbd7 6. Bd3 Be7 7. O-O O-O 8. b3 b6
9. Bb2 Bb7 10. Qe2 a6 11. Rad1 b5 12. c5 Qc7 13. b4 Rfe8 14. Qc2 g6 15. h3 Bf8
16. Ne5 Bg7 17. f4 Nf8 18. g4 N6d7 19. g5 f5 20. gxf6 Nxf6 21. Rd2 Re7 22. Rg2
Bc8 23. Nb1 Bd7 24. Bc3 Be8 25. Nd2 N6d7 26. Nb3 Ra7 27. Kh1 Nf6 28. Be1 Nh5 29.
Bh4 Bf6 30. Bxf6 Nxf6 31. Na5 Rg7 32. Qf2 Ra8 33. Qh4 Nh5 34. Be2 Rc8 35. Rfg1 1-0

[Event "16th Sants Open 2014"]
[Site "Barcelona ESP"]
[Date "2014.08.24"]
[Round "3.36"]
[White "Perez Pastora, Evarist"]
[Black "Cruz, Cristhian"]
[Result "0-1"]
[BlackTitle "GM"]
[WhiteElo "2181"]
[BlackElo "2553"]
[WhiteFideId "2258102"]
[BlackFideId "3801969"]
[EventDate "2014.08.22"]

1. e4 c5 2. Nf3 e6 3. d4 cxd4 4. Nxd4 Nc6 5. Nxc6 bxc6 6. Bd3 Nf6 7. O-O d5 8.
Nd2 Be7 9. b3 O-O 10. Bb2 a5 11. a4 Ba6 12. Bxa6 Rxa6 13. Qe2 Ra8 14. Rad1 Qb6
15. Kh1 Rfe8 16. f4 g6 17. Qf3 Qb4 18. Bxf6 Bxf6 19. f5 gxf5 20. exf5 e5 21. c4
e4 22. Qg3+ Kh8 23. Rfe1 Ra7 24. cxd5 cxd5 25. Nf3 Rg8 0-1

[Event "16th Sants Open 2014"]
[Site "Barcelona ESP"]
[Date "2014.08.24"]
[Round "3.37"]
[White "Tuchenhagen, Axel"]
[Black "Gonzalez Acosta, Bernal"]
[Result "1/2-1/2"]
[BlackTitle "IM"]
[WhiteElo "2145"]
[BlackElo "2469"]
[WhiteFideId "4617878"]
[BlackFideId "6500170"]
[EventDate "2014.08.22"]

1. d4 d5 2. c4 c6 3. cxd5 cxd5 4. Nc3 Nf6 5. Nf3 Nc6 6. Bf4 a6 7. a3 Bf5 8. e3
e6 9. Bd3 Bxd3 10. Qxd3 Na5 11. O-O Be7 12. h3 O-O 13. Ne5 Rc8 14. b4 Nc4 15.
Nxc4 Rxc4 16. Na4 Qe8 17. Nb2 Rc6 18. f3 Qc8 19. Na4 b6 20. e4 dxe4 21. fxe4 Rd8
22. Rac1 b5 23. Nc3 Rc4 24. Be3 Qc6 25. e5 Nd7 26. Bf4 Nb6 27. Ne2 Rxc1 28. Rxc1
Nc4 29. Rf1 Qd5 30. Qf3 Qxf3 31. Rxf3 a5 32. Rb3 Ra8 33. Kf2 a4 34. Rd3 Rd8 35.
Kf3 g5 36. Bg3 f5 37. exf6 Bxf6 38. Ke4 Kf7 39. Bf2 e5 40. Nc3 Nd6+ 41. Kd5 exd4
42. Ne4 Nc4+ 43. Kc5 Ne5 44. Rd1 d3 45. Nxf6 Kxf6 46. Kxb5 Kf5 47. Kxa4 Ke4 48.
Kb3 Rc8 49. Bc5 Nd7 50. Rc1 Kd5 1/2-1/2

[Event "16th Sants Open 2014"]
[Site "Barcelona ESP"]
[Date "2014.08.24"]
[Round "3.38"]
[White "Escobar Forero, Alder"]
[Black "Bru Rullo, Llatzer"]
[Result "1-0"]
[WhiteTitle "IM"]
[WhiteElo "2464"]
[BlackElo "2127"]
[WhiteFideId "4400801"]
[BlackFideId "22219668"]
[EventDate "2014.08.22"]

1. d4 d5 2. Nc3 Nf6 3. Bg5 e6 4. e4 dxe4 5. Nxe4 Be7 6. Bxf6 Bxf6 7. Nf3 Be7 8.
Bd3 b6 9. Qe2 Bb7 10. O-O-O Nd7 11. h4 O-O 12. Neg5 h6 13. Bh7+ Kh8 14. Be4 Bxe4
15. Nxe4 Nf6 16. Nxf6 Bxf6 17. g4 Kg8 18. Qe3 Qd5 19. g5 hxg5 20. hxg5 Be7 21.
Rh3 Qf5 22. Rdh1 f6 23. g6 1-0

[Event "16th Sants Open 2014"]
[Site "Barcelona ESP"]
[Date "2014.08.24"]
[Round "3.39"]
[White "Huerga Leache, Mikel"]
[Black "Sanchez Lopez, Juan Manuel"]
[Result "1-0"]
[WhiteTitle "IM"]
[WhiteElo "2457"]
[BlackElo "2111"]
[WhiteFideId "2268795"]
[BlackFideId "2227037"]
[EventDate "2014.08.22"]

1. e4 e6 2. Nc3 d5 3. Nf3 Nf6 4. e5 Nfd7 5. d4 c5 6. dxc5 Nc6 7. Bf4 Bxc5 8. Bd3
f6 9. exf6 Nxf6 10. Qe2 O-O 11. O-O-O Nb4 12. Ne5 Qa5 13. a3 Nxd3+ 14. Rxd3 b5
15. Rg3 b4 16. Nc6 Qb6 17. Nxb4 Bxf2 18. Rf3 Bd4 19. Be5 Bd7 20. Rhf1 Bxc3 21.
bxc3 Bb5 22. Nd3 Bxd3 23. cxd3 Qb3 24. Qb2 Qxb2+ 25. Kxb2 Nd7 26. Rxf8+ Nxf8 27.
Kc2 Nd7 28. Bd6 Rc8 29. Rb1 Rc6 30. Bg3 Rb6 31. Rxb6 axb6 32. Bf2 Kf7 33. Kb3
Ke7 34. Kb4 Kd6 35. Kb5 e5 36. a4 e4 37. dxe4 dxe4 38. Kc4 Kc6 39. Bd4 g6 40.
Be3 Ne5+ 41. Kd4 Nd3 42. Kxe4 Nb2 43. Bd4 Nxa4 44. Ke5 b5 45. g4 Nc5 46. h4 Nd3+
47. Kf6 Kd5 48. Kg7 b4 49. cxb4 Kxd4 50. Kxh7 Ne5 51. g5 Kc4 52. Kg7 Kxb4 53.
Kf6 Nf3 54. h5 Nxg5 55. hxg6 Ne4+ 56. Ke5 Ng5 57. Kf5 1-0

[Event "16th Sants Open 2014"]
[Site "Barcelona ESP"]
[Date "2014.08.24"]
[Round "3.40"]
[White "Corsino, Gianluca"]
[Black "Munoz Pantoja, Miguel"]
[Result "1/2-1/2"]
[BlackTitle "GM"]
[WhiteElo "2110"]
[BlackElo "2451"]
[WhiteFideId "816930"]
[BlackFideId "3800229"]
[EventDate "2014.08.22"]

1. d4 c5 2. d5 Nf6 3. Nc3 Qa5 4. Bd2 b5 5. e4 b4 6. e5 bxc3 7. Bxc3 Qa4 8. exf6
gxf6 9. Be2 Qe4 10. Kf1 Ba6 11. Bxa6 Nxa6 12. Qe2 Qxe2+ 13. Nxe2 Rb8 14. Rd1 Rg8
15. f3 Nb4 16. Bxb4 cxb4 17. Kf2 e5 18. Rhe1 Rc8 19. c3 bxc3 20. bxc3 Kd8 21.
Rb1 Rc4 22. Rb2 Kc7 23. Rd1 f5 24. Ng3 Rg5 25. Kf1 Bc5 26. d6+ Kc8 27. Rd5 f6
28. Ne2 Bb6 29. Rb4 Rxb4 30. cxb4 f4 31. Nc3 Kb7 32. Rd2 Rg6 33. Nd5 f5 34. Ne7
Rf6 35. Rd5 Bd4 36. Rb5+ Ka6 37. Ra5+ 1/2-1/2

[Event "16th Sants Open 2014"]
[Site "Barcelona ESP"]
[Date "2014.08.24"]
[Round "3.41"]
[White "Mascaro March, Pedro"]
[Black "Saenz Rebull, Jordi"]
[Result "1-0"]
[WhiteTitle "IM"]
[WhiteElo "2417"]
[BlackElo "2107"]
[WhiteFideId "2217570"]
[BlackFideId "2285070"]
[EventDate "2014.08.22"]

1. d4 e6 2. Nf3 d5 3. c4 c6 4. Nc3 Nf6 5. Bg5 Nbd7 6. e3 Be7 7. Qc2 b6 8. cxd5
exd5 9. Bd3 h6 10. Bxf6 Nxf6 11. Ne5 Bb7 12. O-O-O O-O 13. g4 Nd7 14. Nf3 c5 15.
h4 Rc8 16. g5 cxd4 17. Nxd4 Nc5 18. Bf5 Ra8 19. gxh6 gxh6 20. Rhg1+ Kh8 21. Qe2
Qd6 22. Qh5 Qf6 23. Rg6 1-0

[Event "16th Sants Open 2014"]
[Site "Barcelona ESP"]
[Date "2014.08.24"]
[Round "3.42"]
[White "Gomez Ledo, Roberto Carlos"]
[Black "Jove Grau, Lluis"]
[Result "1-0"]
[WhiteTitle "IM"]
[WhiteElo "2411"]
[BlackElo "2100"]
[WhiteFideId "3507076"]
[BlackFideId "2211408"]
[EventDate "2014.08.22"]

1. d4 Nf6 2. c4 d6 3. Nf3 Nbd7 4. g3 e5 5. Bg2 Be7 6. O-O O-O 7. Nc3 Re8 8. e4
c6 9. h3 Qc7 10. Re1 a6 11. a4 b6 12. b3 Nf8 13. Bb2 Ng6 14. Rc1 h6 15. Qc2 Nh7
16. Nd1 Ng5 17. Nxg5 Bxg5 18. Ne3 Bxe3 19. Rxe3 c5 20. d5 Rf8 21. Rf1 f5 22. f4
exf4 23. gxf4 fxe4 24. Rg3 1-0

[Event "16th Sants Open 2014"]
[Site "Barcelona ESP"]
[Date "2014.08.24"]
[Round "3.43"]
[White "Den Hartog, Marijn"]
[Black "Sanchez Enriquez, Oscar Gerardo"]
[Result "0-1"]
[BlackTitle "FM"]
[WhiteElo "2102"]
[BlackElo "2374"]
[WhiteFideId "1046098"]
[BlackFideId "5106311"]
[EventDate "2014.08.22"]

1. e4 c5 2. Nf3 Nc6 3. d4 cxd4 4. Nxd4 g6 5. c4 Bg7 6. Be3 Nf6 7. Nc3 O-O 8. Be2
d6 9. O-O Bd7 10. Qd2 Nxd4 11. Bxd4 Bc6 12. f3 a5 13. b3 Nd7 14. Be3 Nc5 15.
Rab1 e6 16. Rfc1 Be5 17. Bf1 Qe7 18. Rc2 f5 19. exf5 gxf5 20. Bf4 Bxf4 21. Qxf4
Rf6 22. a3 e5 23. Qe3 Ne6 24. Rd1 f4 25. Qf2 Nd4 26. Rb2 Qg7 27. Kh1 Rh6 28.
Rxd4 exd4 29. Ne2 Rf8 30. Qxd4 Qe5 31. Rd2 Rhf6 32. b4 axb4 33. axb4 Ra8 34. b5
Be8 35. Qxe5 dxe5 36. Nc3 Bg6 37. Kg1 Rff8 38. Rb2 Ra1 39. Kf2 Rc1 40. Na4 Rd8
41. Nc5 b6 42. Na6 e4 43. fxe4 Bxe4 44. Be2 Rd6 45. Nb4 Rg6 46. Bf1 Rd6 47. Be2
Rh6 48. h3 Rg6 49. Bf1 Rd6 50. Be2 Rc3 51. Na2 Rg3 52. Bf1 Rdg6 53. Kg1 Bxg2 54.
Bxg2 f3 0-1

[Event "16th Sants Open 2014"]
[Site "Barcelona ESP"]
[Date "2014.08.24"]
[Round "3.45"]
[White "Carol Querol, Santiago"]
[Black "Colon Garcia, Enrique"]
[Result "1/2-1/2"]
[BlackTitle "FM"]
[WhiteElo "2106"]
[BlackElo "2343"]
[WhiteFideId "2219662"]
[BlackFideId "2285940"]
[EventDate "2014.08.22"]

1. d4 Nf6 2. c4 e6 3. Nc3 Bb4 4. e3 O-O 5. Bd3 c5 6. Ne2 cxd4 7. exd4 d5 8. cxd5
exd5 9. O-O h6 10. a3 Be7 11. h3 Nc6 12. Bc2 Bd6 13. Qd3 Ne7 14. Qf3 Nh7 15. Qh5
a6 16. Be3 Bc7 17. Rac1 Be6 18. Rfe1 b5 19. Bf4 Bb6 20. Be3 Bc7 21. Bf4 Bb6 22.
Be3 1/2-1/2

[Event "16th Sants Open 2014"]
[Site "Barcelona ESP"]
[Date "2014.08.24"]
[Round "3.46"]
[White "Sowray, Peter J"]
[Black "Nohr, Finn"]
[Result "1-0"]
[WhiteTitle "FM"]
[WhiteElo "2325"]
[BlackElo "2072"]
[WhiteFideId "400971"]
[BlackFideId "1406329"]
[EventDate "2014.08.22"]

1. d4 Nf6 2. c4 g6 3. Nc3 Bg7 4. e4 d6 5. f3 O-O 6. Be3 c5 7. Nge2 Nc6 8. d5 Ne5
9. Ng3 h5 10. Be2 h4 11. Nf1 e6 12. Nd2 exd5 13. cxd5 a6 14. O-O b5 15. a3 b4
16. Na4 Nh7 17. f4 Nd7 18. Nc4 Qe7 19. Bf3 Nhf6 20. e5 Ne8 21. Qd2 a5 22. Rfe1
Ba6 23. Nxa5 Bb5 24. Nc6 Bxc6 25. dxc6 Nxe5 26. fxe5 Rxa4 27. exd6 Qxd6 28. Qxd6
Nxd6 29. Bxc5 Nb5 30. Bxf8 Kxf8 31. Rac1 Nc7 32. Rcd1 1-0

[Event "16th Sants Open 2014"]
[Site "Barcelona ESP"]
[Date "2014.08.24"]
[Round "3.47"]
[White "Vehi Bach, Victor Manuel"]
[Black "Morello, Guido"]
[Result "1-0"]
[WhiteTitle "IM"]
[WhiteElo "2316"]
[BlackElo "2048"]
[WhiteFideId "2200228"]
[BlackFideId "836621"]
[EventDate "2014.08.22"]

1. e4 c5 2. Nf3 e6 3. d4 cxd4 4. Nxd4 Nc6 5. Nc3 Qc7 6. Be3 a6 7. Qd2 Nf6 8.
O-O-O Be7 9. f3 O-O 10. g4 b5 11. Nxc6 dxc6 12. Qf2 c5 13. g5 Nd7 14. Kb1 c4 15.
h4 Nc5 16. h5 b4 17. Ne2 a5 18. Qh2 e5 19. g6 h6 20. gxf7+ Rxf7 21. Rg1 c3 22.
Bxh6 Be6 23. Bh3 Bxa2+ 24. Kxa2 cxb2 25. Bxg7 Rxg7 26. Rxg7+ Kxg7 27. Qg3+ Kh8
28. Qg6 Bf8 29. Rg1 Qg7 30. Qc6 Qf7+ 31. Kxb2 Ra6 32. Qd5 Qxd5 33. exd5 Bg7 34.
Kb1 a4 35. Ng3 a3 36. Ka2 1-0

[Event "16th Sants Open 2014"]
[Site "Barcelona ESP"]
[Date "2014.08.24"]
[Round "3.48"]
[White "Balague Camps, Marc"]
[Black "Gurevich, Daniel"]
[Result "0-1"]
[BlackTitle "FM"]
[WhiteElo "2085"]
[BlackElo "2298"]
[WhiteFideId "2297914"]
[BlackFideId "2044676"]
[EventDate "2014.08.22"]

1. Nf3 c5 2. c4 g6 3. g3 Bg7 4. Bg2 Nc6 5. Nc3 d6 6. O-O h5 7. h4 Nh6 8. d3 Bd7
9. Rb1 Rb8 10. Bd2 a6 11. Nd5 e6 12. Bc3 O-O 13. Bxg7 Kxg7 14. Nc3 Nf5 15. a3
Ncd4 16. Ng5 Bc6 17. Nce4 f6 18. Nh3 e5 19. b4 Qc8 20. e3 Ne6 21. b5 axb5 22.
cxb5 Bxe4 23. dxe4 Nh6 24. Qxd6 Rd8 25. Qb6 Ra8 26. Rfd1 Nf7 27. Bf1 c4 28. Rxd8
Nexd8 29. Rb4 c3 30. Rb1 c2 31. Rc1 Qc3 32. Nf4 exf4 33. exf4 Rc8 34. Qe3 Qxe3
35. fxe3 Rc3 36. Kf2 Nd6 37. Kf3 Ne6 0-1

[Event "16th Sants Open 2014"]
[Site "Barcelona ESP"]
[Date "2014.08.24"]
[Round "3.49"]
[White "Chalmeta Ugas, Ramon"]
[Black "Quero Ortega, Juan"]
[Result "1-0"]
[WhiteTitle "FM"]
[WhiteElo "2292"]
[BlackElo "1808"]
[WhiteFideId "2256339"]
[BlackFideId "2285053"]
[EventDate "2014.08.22"]

1. e4 d6 2. d4 Nf6 3. Nc3 g6 4. f4 Bg7 5. Nf3 b6 6. Bb5+ c6 7. Bd3 a5 8. O-O O-O
9. h3 b5 10. Be3 Ba6 11. Ne2 Qc7 12. g4 c5 13. g5 c4 14. gxf6 exf6 15. f5 cxd3
16. cxd3 Qd7 17. Ng3 b4 18. d5 Qb5 19. d4 Nd7 20. Bf4 Qb6 21. Rf2 Rac8 22. Kg2
Rfe8 23. Rc1 Bf8 24. h4 Qb5 25. b3 Qd3 26. Rd2 Qb5 27. Rxc8 Rxc8 28. Nh2 h5 29.
Kh1 Bb7 30. Rg2 Qb6 31. Nxh5 Qc7 32. fxg6 fxg6 33. Qg4 Ne5 34. dxe5 1-0

[Event "16th Sants Open 2014"]
[Site "Barcelona ESP"]
[Date "2014.08.24"]
[Round "3.50"]
[White "Aubry, Yannis"]
[Black "Boixader Arbo, Xavier"]
[Result "1-0"]
[WhiteElo "2251"]
[BlackElo "1677"]
[WhiteFideId "20642407"]
[BlackFideId "32067305"]
[EventDate "2014.08.22"]

1. c4 e5 2. Nc3 Nc6 3. Nf3 Nf6 4. e4 Bc5 5. Nxe5 Nxe5 6. d4 Bxd4 7. Qxd4 Nc6 8.
Qd2 Qe7 9. f3 d6 10. b3 Bd7 11. Bb2 Ne5 12. Be2 h6 13. O-O-O O-O-O 14. Kb1 Kb8
15. Rhe1 Rhe8 16. g3 a6 17. Ba3 Bc8 18. f4 Ng6 19. Bd3 Qd7 20. Qc2 Qg4 21. Ka1
Qh5 22. b4 Bg4 23. Rb1 Bf3 24. b5 a5 25. b6 c6 26. Qa4 Ne7 27. e5 dxe5 28. Rxe5
Qxh2 29. Rxa5 Kc8 30. Re5 c5 31. Rxc5+ Bc6 32. Bf5+ Nxf5 33. Rxc6+ 1-0

[Event "16th Sants Open 2014"]
[Site "Barcelona ESP"]
[Date "2014.08.24"]
[Round "3.51"]
[White "Svendsen, Peter"]
[Black "Van der Lende, Ilias"]
[Result "0-1"]
[WhiteElo "1913"]
[BlackElo "2223"]
[WhiteFideId "1405250"]
[BlackFideId "1019260"]
[EventDate "2014.08.22"]

1. d4 e6 2. c4 d5 3. Nc3 c6 4. e3 f5 5. Nf3 Nf6 6. Bd3 Bd6 7. Qc2 O-O 8. Bd2 a6
9. O-O-O Ne4 10. Be1 b5 11. cxd5 cxd5 12. Kb1 Bb7 13. Qb3 Nc6 14. Ne2 Rc8 15.
Rc1 h6 16. Ng3 Qe7 17. Nd2 Na5 18. Qd1 Nc4 19. Bxc4 dxc4 20. Ndxe4 fxe4 21. Qg4
Bd5 22. Nxe4 h5 23. Qg6 Qe8 24. Nxd6 Qxg6+ 0-1

[Event "16th Sants Open 2014"]
[Site "Barcelona ESP"]
[Date "2014.08.24"]
[Round "3.52"]
[White "Dalo, Hermes"]
[Black "Conchillo Torres, Juan"]
[Result "1-0"]
[WhiteTitle "CM"]
[WhiteElo "2221"]
[BlackElo "1681"]
[WhiteFideId "3902544"]
[BlackFideId "32042094"]
[EventDate "2014.08.22"]

1. d4 Nf6 2. c4 g6 3. Nc3 d5 4. cxd5 Nxd5 5. e4 Nxc3 6. bxc3 Bg7 7. Bc4 c5 8.
Ne2 O-O 9. Be3 Nc6 10. Rc1 Na5 11. Bd3 b6 12. O-O Bb7 13. Qd2 e5 14. dxc5 bxc5
15. Bxc5 Bxe4 16. Bxf8 Nc4 17. Qd1 Nb2 18. Bxe4 Nxd1 19. Bxg7 Nxc3 20. Nxc3 Kxg7
21. Bxa8 Qxa8 22. Rfe1 Qb8 23. Re2 f5 24. h4 e4 25. Nd5 Qd8 26. Rc7+ Kh6 27. Rd2
Qxh4 28. Rxa7 f4 29. Ne7 e3 30. Nf5+ gxf5 31. Rd6+ 1-0

[Event "16th Sants Open 2014"]
[Site "Barcelona ESP"]
[Date "2014.08.24"]
[Round "3.53"]
[White "Novikov, Stanislav"]
[Black "Mumford, Robert"]
[Result "1-0"]
[WhiteTitle "GM"]
[WhiteElo "2562"]
[BlackElo "1617"]
[WhiteFideId "4125371"]
[BlackFideId "425508"]
[EventDate "2014.08.22"]

1. e4 c5 2. Nf3 d6 3. d4 cxd4 4. Nxd4 Nf6 5. Nc3 a6 6. Be3 e5 7. Nb3 Be7 8. Qd2
b5 9. a4 b4 10. Nd5 Nxe4 11. Qxb4 Bf5 12. Qb7 Nd7 13. Nc7+ 1-0

[Event "16th Sants Open 2014"]
[Site "Barcelona ESP"]
[Date "2014.08.24"]
[Round "3.54"]
[White "Skomorokhin, Roman"]
[Black "Fernandez Aguilar, Francisco"]
[Result "1-0"]
[WhiteTitle "IM"]
[WhiteElo "2378"]
[BlackElo "2041"]
[WhiteFideId "4112610"]
[BlackFideId "2286262"]
[EventDate "2014.08.22"]

1. d4 d5 2. c4 c6 3. Nf3 Nf6 4. e3 e6 5. Bd3 Nbd7 6. O-O Bd6 7. Nbd2 O-O 8. e4
dxe4 9. Nxe4 Nxe4 10. Bxe4 Nf6 11. Bc2 b6 12. Qd3 Bb7 13. Bg5 g6 14. Rad1 Be7
15. Qe3 Nh5 16. Bh6 Ng7 17. Ne5 Nf5 18. Bxf5 exf5 19. Bxf8 Qxf8 20. c5 bxc5 21.
dxc5 Bxc5 22. Qb3 Ba6 23. Nd7 1-0

[Event "16th Sants Open 2014"]
[Site "Barcelona ESP"]
[Date "2014.08.24"]
[Round "3.55"]
[White "Gullaksen, Eirik"]
[Black "Salvador Cabo, Cesar"]
[Result "1-0"]
[WhiteTitle "IM"]
[WhiteElo "2361"]
[BlackElo "2041"]
[WhiteFideId "1500945"]
[BlackFideId "2240416"]
[EventDate "2014.08.22"]

1. e4 c6 2. d4 d5 3. Nc3 dxe4 4. Nxe4 Nf6 5. Nxf6+ exf6 6. c3 Bd6 7. Bd3 O-O 8.
Qc2 Re8+ 9. Ne2 g6 10. Be3 Be6 11. O-O Qc7 12. h3 Nd7 13. c4 f5 14. Bg5 Be7 15.
Bxe7 Rxe7 16. Qc3 Rd8 17. Rfe1 Nf8 18. Rad1 Bc8 19. Bc2 Ne6 20. d5 cxd5 21. cxd5
Nf4 22. Nxf4 Rxe1+ 23. Rxe1 Qxf4 24. Qf6 Rf8 25. Bb3 Bd7 26. g3 Qd2 27. Re7 Qc1+
28. Kh2 Qd2 29. Kg2 Bb5 30. Qc3 Qxc3 31. bxc3 Rb8 32. c4 Be8 33. c5 a6 34. Kf3
Kg7 35. Ke3 Bb5 36. Kd4 Kf6 37. d6 Be8 38. Bd5 1-0

[Event "16th Sants Open 2014"]
[Site "Barcelona ESP"]
[Date "2014.08.24"]
[Round "3.56"]
[White "De Marchi, Olivier"]
[Black "Degro, Heiko"]
[Result "1/2-1/2"]
[WhiteTitle "FM"]
[WhiteElo "2299"]
[BlackElo "2041"]
[WhiteFideId "613517"]
[BlackFideId "24666122"]
[EventDate "2014.08.22"]

1. d4 Nf6 2. c4 e6 3. g3 d5 4. Bg2 dxc4 5. Nf3 Nc6 6. Qa4 Bb4+ 7. Bd2 Bd6 8. O-O
O-O 9. Qxc4 e5 10. d5 Ne7 11. Nc3 h6 12. Rfd1 a6 13. a4 Bd7 14. Be1 Qb8 15. Nd2
Rd8 16. Nde4 Nxe4 17. Nxe4 b5 18. axb5 axb5 19. Rxa8 Qxa8 20. Qc2 Rc8 21. Nc5
Be8 22. b4 Qa7 23. Qb2 Ra8 24. Bc3 f6 25. e4 Qa2 26. Qc1 Qe2 27. Rd2 Qh5 28. Rc2
f5 29. Bd2 fxe4 30. Nxe4 Bf7 31. Nxd6 cxd6 32. Rc7 Nf5 33. Rc8+ Rxc8 34. Qxc8+
Kh7 35. Be4 Bg6 36. Qc2 Nd4 37. Bxg6+ Qxg6 38. Qxg6+ Kxg6 39. Kg2 Kf5 40. f3 h5
41. h3 Nc2 42. g4+ hxg4 43. hxg4+ Kf6 44. Kf2 Na3 45. Ke3 Nc4+ 46. Kd3 g6 47.
Bc1 Kf7 48. Ke4 Nb6 49. Be3 1/2-1/2

[Event "16th Sants Open 2014"]
[Site "Barcelona ESP"]
[Date "2014.08.24"]
[Round "3.57"]
[White "Ekeberg, Carl Fredrik"]
[Black "Lopez Baena, David"]
[Result "1-0"]
[WhiteTitle "FM"]
[WhiteElo "2294"]
[BlackElo "2025"]
[WhiteFideId "1502654"]
[BlackFideId "2279681"]
[EventDate "2014.08.22"]

1. Nf3 g6 2. c4 Bg7 3. d4 d6 4. e4 e5 5. Be2 Nc6 6. d5 Nce7 7. Nc3 f5 8. exf5
Nxf5 9. O-O Nf6 10. Bg5 O-O 11. Bd3 c5 12. dxc6 bxc6 13. c5 Nd4 14. Nxd4 exd4
15. Ne4 dxc5 16. Qc2 Qb6 17. Bxf6 Bxf6 18. Nxc5 Rb8 19. b3 Bg7 20. Rac1 Qb4 21.
Be4 Qa3 22. Qc4+ Kh8 23. Rc2 Rb4 24. Qe2 Rb5 25. Nd3 c5 26. Ne5 Rb8 27. Nxg6+
hxg6 28. Bxg6 Rf6 29. Qh5+ Kg8 30. Re2 Ba6 31. Re7 Bxf1 32. Qh7+ Kf8 33. Qxg7# 1-0

[Event "16th Sants Open 2014"]
[Site "Barcelona ESP"]
[Date "2014.08.24"]
[Round "3.58"]
[White "Burton, Graham P"]
[Black "Boix Moreno, Daniel"]
[Result "0-1"]
[BlackTitle "FM"]
[WhiteElo "2023"]
[BlackElo "2267"]
[WhiteFideId "470082"]
[BlackFideId "2207249"]
[EventDate "2014.08.22"]

1. e4 c5 2. Nf3 d6 3. d4 cxd4 4. Nxd4 Nf6 5. Nc3 g6 6. Be3 Bg7 7. Be2 O-O 8. Nb3
Nc6 9. f4 a5 10. a4 Nb4 11. O-O Bd7 12. Bf3 Bc6 13. Qe2 b6 14. Rfd1 Nd7 15. Nd4
Bb7 16. Ncb5 Qc8 17. c3 Na6 18. Bf2 Ndc5 19. e5 dxe5 20. fxe5 Kh8 21. Bg3 Re8
22. Bg4 Ne6 23. Bxe6 fxe6 24. Qg4 Nc5 25. b4 Ne4 26. Qxe6 Nxc3 27. Rdc1 Ne2+ 28.
Kh1 Nxc1 0-1